<?xml version="1.0" encoding="UTF-8"?><?xml-stylesheet type="text/xsl" href="static/style.xsl"?><OAI-PMH xmlns="http://www.openarchives.org/OAI/2.0/" xmlns:xsi="http://www.w3.org/2001/XMLSchema-instance" xsi:schemaLocation="http://www.openarchives.org/OAI/2.0/ http://www.openarchives.org/OAI/2.0/OAI-PMH.xsd"><responseDate>2026-04-17T07:34:14Z</responseDate><request verb="GetRecord" identifier="oai:www.recercat.cat:2099.1/19813" metadataPrefix="marc">https://recercat.cat/oai/request</request><GetRecord><record><header><identifier>oai:recercat.cat:2099.1/19813</identifier><datestamp>2025-07-22T17:12:41Z</datestamp><setSpec>com_2072_1033</setSpec><setSpec>col_2072_452951</setSpec></header><metadata><record xmlns="http://www.loc.gov/MARC21/slim" xmlns:dcterms="http://purl.org/dc/terms/" xmlns:xsi="http://www.w3.org/2001/XMLSchema-instance" xmlns:doc="http://www.lyncode.com/xoai" xsi:schemaLocation="http://www.loc.gov/MARC21/slim http://www.loc.gov/standards/marcxml/schema/MARC21slim.xsd">
   <leader>00925njm 22002777a 4500</leader>
   <datafield ind2=" " ind1=" " tag="042">
      <subfield code="a">dc</subfield>
   </datafield>
   <datafield ind2=" " ind1=" " tag="720">
      <subfield code="a">Olagorta Ariza, Robert</subfield>
      <subfield code="e">author</subfield>
   </datafield>
   <datafield ind2=" " ind1=" " tag="260">
      <subfield code="c">2013-03</subfield>
   </datafield>
   <datafield ind2=" " ind1=" " tag="520">
      <subfield code="a">El disseny de màquines elèctriques és una ciència amb molta historia. Amb el&#xd;
desenvolupament de les lleis de l’electromagnetisme, durant la segona meitat del segle&#xd;
XIX es varen començar a desenvolupar els primers prototips de màquina elèctrica en&#xd;
corrent continu. No va ser fins el descobriment de la màquina de corrent altern que no va&#xd;
començar la industrialització que ha portat a la màquina elèctrica a assolir els nivells de&#xd;
desenvolupament actuals. La presència de les màquines elèctriques en l’actualitat és&#xd;
molt elevada. Des de les grans centrals de generació elèctrica fins als dispositius&#xd;
electrònics més petits necessiten de màquines elèctriques per a funcionar. En les&#xd;
darreres dècades les seves prestacions han sofert una millora substancial. Des del&#xd;
descobriment de les terres rares, el potencial de les màquines elèctriques ha augmentat&#xd;
considerablement. La capacitat d’aquests materials per a mantenir camps magnètics&#xd;
elevats ha permès a les màquines elèctriques operar amb un volum molt més reduït.&#xd;
Paral·lelament al desenvolupament dels materials s’han desenvolupat diferents tipologies&#xd;
de màquina elèctrica. La tendència general en l’aplicació d’aquestes tipologies ha estat la&#xd;
màquina elèctrica de flux radial. Tot i així en aplicacions on la longitud axial és una&#xd;
restricció, han resultat més competitives les màquines de flux axial. També s’ha arribat a&#xd;
valorar la possibilitat que aquesta configuració requereixi d’un volum inferior que les de&#xd;
flux radial. Un exemple d’aquest tipus de màquines són els discs durs dels ordinadors.&#xd;
Cada vegada més s’està avançant cap al desenvolupament d’aquesta tecnologia de&#xd;
manera que la fabricació d’aquestes màquines resulti rentable per a altres aplicacions.&#xd;
En aquest document es desenvolupa una guia per a realitzar el disseny d’aquest tipus de&#xd;
màquines. Primerament es fa un breu repàs dels diferents tipus de màquines elèctriques&#xd;
per tal de situar al lector. A continuació es descriu detalladament el procediment de&#xd;
disseny. Els aspectes a destacar de la guia són entre altres el mètode de disseny del&#xd;
circuit magnètic, la distribució del bobinat, el càlcul de la geometria de la màquina, el&#xd;
nombre d’espires de cada bobina, el càlcul de pèrdues i el rendiment electromagnètic. Tot&#xd;
seguit es dissenya una màquina de flux axial de doble estator per a una aplicació de mini&#xd;
eòlica de 2,5 kW. En aquest apartat es presenten els resultats en elements finits (2D) els&#xd;
quals s’han de processar analíticament per a obtenir els resultats finals. Aquest últim&#xd;
càlcul segueix el mètode proposat per (Egea, 2012) per a poder dissenyar màquines de&#xd;
flux axial sense utilitzar elements finits 3D.</subfield>
   </datafield>
   <datafield tag="653" ind2=" " ind1=" ">
      <subfield code="a">Àrees temàtiques de la UPC::Enginyeria mecànica::Motors::Motors elèctrics</subfield>
   </datafield>
   <datafield tag="653" ind2=" " ind1=" ">
      <subfield code="a">Electric machines</subfield>
   </datafield>
   <datafield tag="653" ind2=" " ind1=" ">
      <subfield code="a">Axial flow</subfield>
   </datafield>
   <datafield tag="653" ind2=" " ind1=" ">
      <subfield code="a">Permanent magnet motors</subfield>
   </datafield>
   <datafield tag="653" ind2=" " ind1=" ">
      <subfield code="a">Màquines elèctriques</subfield>
   </datafield>
   <datafield tag="653" ind2=" " ind1=" ">
      <subfield code="a">Flux axial</subfield>
   </datafield>
   <datafield tag="653" ind2=" " ind1=" ">
      <subfield code="a">Motors d'imants permanents</subfield>
   </datafield>
   <datafield ind2="0" ind1="0" tag="245">
      <subfield code="a">Guia de disseny i disseny d’una màquina síncrona d’imants permanents de flux axial (AFPMSM)</subfield>
   </datafield>
</record></metadata></record></GetRecord></OAI-PMH>